000 00498nam a2200169Ia 4500
008 140527s9999 xx 000 0 und d
020 _a9781285900759
050 _aT 57.6
_b.Sh9775 2013
100 _aShelly, Gary B.
245 _aSystems analysis & design /
_cGary B. Shelly, Harry J. Rosenblatt
250 _aPhilippine ed.
260 _aBoston :
_bCourse Technology Cengage Learning,
_cc2013.
300 _a332 p. :
_bill. ;
_c26 cm.
521 _aIT
942 _kFOR
_cBK
999 _c117466
_d117466